Postmodernism, reason and religion/ (Record no. 95450)
[ view plain ]
| 000 -LEADER | |
|---|---|
| fixed length control field | 00409nam a22001577a 4500 |
| 005 - DATE AND TIME OF LATEST TRANSACTION | |
| control field | 20170721095541.0 |
| 008 - FIXED-LENGTH DATA ELEMENTS--GENERAL INFORMATION | |
| fixed length control field | 170721b xxu||||| |||| 00| 0 eng d |
| 020 ## - INTERNATIONAL STANDARD BOOK NUMBER | |
| International Standard Book Number | 041508024X |
| 040 ## - CATALOGING SOURCE | |
| Transcribing agency | PK-LaUMT |
| 082 ## - DEWEY DECIMAL CLASSIFICATION NUMBER | |
| Classification number | ZIAC 291.2 |
| Item number | GEL-P |
| 100 ## - MAIN ENTRY--PERSONAL NAME | |
| Personal name | Gellner , Ernest |
| 245 ## - TITLE STATEMENT | |
| Title | Postmodernism, reason and religion/ |
| Statement of responsibility, etc | Ernest Gellner |
| 260 ## - PUBLICATION, DISTRIBUTION, ETC. (IMPRINT) | |
| Place of publication, distribution, etc | London: |
| Name of publisher, distributor, etc | Routledge, |
| Date of publication, distribution, etc | 1992 |
| 300 ## - PHYSICAL DESCRIPTION | |
| Extent | 108 p. |
| 942 ## - ADDED ENTRY ELEMENTS (KOHA) | |
| Koha item type | Books |
| Withdrawn status | Lost status | Damaged status | Home library | Current library | Date acquired | Full call number | Barcode | Date last seen | Price effective from | Koha item type |
|---|---|---|---|---|---|---|---|---|---|---|
| UMT Main Campus | UMT Main Campus | 2017-07-21 | ZIAC 291.2 GEL-P | 110988 | 2017-07-21 | 2017-07-21 | Books |
